000 00396nam a2200145Ia 4500
001 39175
008 180307s ii g b000 u 465 u
082 _a519
100 _aSaxena, H.C. .
245 0 _aProbability and its Application /
_cH.C.Saxena.
_hTextual Documents
260 _aSl :
_bSn ,
_c1355 A.H..
653 _aProbability and its Application
653 _aPG - Math
942 _2ddc
_cBK
999 _c39147
_d39147